|
|
|
|
| LEADER |
00000nam2a2200000 4500 |
| 001 |
180221 |
| 005 |
20231101223529.0 |
| 035 |
|
|
|a (RuTPU)RU\TPU\book\195371
|
| 035 |
|
|
|a RU\TPU\book\195367
|
| 090 |
|
|
|a 180221
|
| 100 |
|
|
|a 20100512d1914 k y0rusy50 ca
|
| 101 |
0 |
|
|a rus
|
| 102 |
|
|
|a RU
|
| 105 |
|
|
|a a z 000zy
|
| 200 |
0 |
|
|a Т. 34, № 2
|
| 210 |
|
|
|c Типо-литография Сибирского Т-ва Печатного Дела
|d 1914
|
| 215 |
|
|
|a 85, 273-334, 25 с.
|c черт., табл., ил.
|
| 300 |
|
|
|a Текст в русской дореформенной орфографии
|
| 300 |
|
|
|a Раздельная пагинация страниц
|
| 316 |
|
|
|5 63413507: ШкА/23
|a Владельческий переплет ТТИ
|
| 461 |
|
1 |
|0 (RuTPU)RU\TPU\book\165999
|t Известия Томского Технологического Института [Известия ТТИ]
|f Томский технологический институт (ТТИ)
|v Т. 34, № 2
|d 1903-1925
|
| 601 |
0 |
2 |
|a Томский технологический институт (ТТИ)
|c (1896-1923)
|2 stltpush
|3 (RuTPU)RU\TPU\col\9244
|
| 606 |
|
|
|a Сыпучие тела
|2 stltpush
|3 (RuTPU)RU\TPU\subj\58481
|9 76269
|
| 606 |
|
|
|a Паровые турбины
|2 stltpush
|3 (RuTPU)RU\TPU\subj\74182
|9 86661
|
| 610 |
1 |
|
|a технические вузы
|
| 610 |
1 |
|
|a Сибирь
|
| 610 |
1 |
|
|a Томск
|
| 610 |
1 |
|
|a научные исследования
|
| 610 |
1 |
|
|a сыпучие тела
|
| 610 |
1 |
|
|a напряжения
|
| 610 |
1 |
|
|a распределение
|
| 610 |
1 |
|
|a паровые турбины
|
| 610 |
1 |
|
|a испытание
|
| 610 |
1 |
|
|a теория
|
| 610 |
1 |
|
|a труды учёных ТПУ
|
| 610 |
1 |
|
|a коллекция ТПУ
|
| 675 |
|
|
|a 624.136
|v 3
|
| 675 |
|
|
|a 621.165
|v 3
|
| 801 |
|
1 |
|a RU
|b 63413507
|c 20090209
|g PSBO
|
| 801 |
|
2 |
|a RU
|b 63413507
|c 20190620
|g PSBO
|
| 942 |
|
|
|c BK
|